Normal view
MARC view
- الشعر العربي - الأندلس - تاريخ ونقد
Entry Topical Term
001 - CONTROL NUMBER
- control field: 58650
003 - CONTROL NUMBER IDENTIFIER
- control field: JO-AjAnu
005 - DATE AND TIME OF LATEST TRANSACTION
- control field: 20230606083609.0
008 - FIXED-LENGTH DATA ELEMENTS
- fixed length control field: 230606|| aca||aabn | a|a d
040 ## - CATALOGING SOURCE
- Original cataloging agency: JO-AjAnu
- Transcribing agency: JO-AjAnu
150 ## - HEADING--TOPICAL TERM
- Topical term or geographic name entry element: الشعر العربي - الأندلس - تاريخ ونقد
670 ## - SOURCE DATA FOUND
- Source citation: Work cat.: (JO-AjAnu)29916: الحسبان، علي أحمد, author 58649, أثر البحتري في الشعر الأندلسي(في القرن الخامس الهجري) = The Impact of Al - Buhturi in the Andalusian Poetrry (During the Fifth Century)